Introducción al estudio del derecho financiero (Registro nro. 1023)

Detalles MARC
000 -LEADER
fixed length control field 01097 a2200205 4500
001 - CONTROL NUMBER
control field 22492
005 - DATE AND TIME OF LATEST TRANSACTION
control field 20260407155516.0
008 - FIXED-LENGTH DATA ELEMENTS--GENERAL INFORMATION
fixed length control field 260407a1976 arg spa d
003 - CONTROL NUMBER IDENTIFIER
control field AR-UNSa-BCEJYS
040 ## - CATALOGING SOURCE
Original cataloging agency AR-UNSa-BCEJYS
Language of cataloging spa
Transcribing agency AR-UNSa-BCEJYS
080 ## - UNIVERSAL DECIMAL CLASSIFICATION NUMBER
Universal Decimal Classification number 336.11
Common auxiliary subdivision Finanzas públicas como estudio de la gestión financiera. Teoría, métodos de las finanzas públicas en general
020 ## - INTERNATIONAL STANDARD BOOK NUMBER
International Standard Book Number 84-7196-008-7
100 1# - MAIN ENTRY--PERSONAL NAME
Personal name Rodríguez Bereijo, Álvaro
245 10 - TITLE STATEMENT
Title Introducción al estudio del derecho financiero
Name of part/section of a work un ensayo sobre los fundamentos teóricos del derecho financiero
264 #1 - PRODUCTION, PUBLICATION, DISTRIBUTION, MANUFACTURE, AND COPYRIGHT NOTICE
Place of production, publication, distribution, manufacture Madrid :
Name of producer, publisher, distributor, manufacturer Instituto de Estudio Fiscales
Date of production, publication, distribution, manufacture, or copyright notice 1976
300 ## - PHYSICAL DESCRIPTION
Extent 439 p.
Dimensions 23 cm.
505 ## - FORMATTED CONTENTS NOTE
Formatted contents note Parte I: El concepto del derecho financiero : 1. Introducción - 2. La autonomía científica del derecho financiero- 3. Contenido y ramas del derecho financiero - 4. La elaboración dogmática del derecho financiero - Parte II: 5. El problema del método en el derecho financiero - Parte III: 6. Fuentes del conocimiento del derecho financiero.
590 ## - LOCAL NOTE (RLIN)
Local note niveau_biblio:m niveau_hierar:0
942 ## - ADDED ENTRY ELEMENTS (KOHA)
Koha item type
Existencias
Withdrawn status Lost status Damaged status Not for loan Home library Current library Shelving location Date acquired Total checkouts Full call number Barcode Date last seen Price effective from Koha item type
        Biblioteca Prof. Eusebio Cleto del Rey Biblioteca Prof. Eusebio Cleto del Rey   07/04/2026   336.11 R696 L33418 07/04/2026 07/04/2026 Libro